000 00555nam a22001697a 4500
999 _c10751
_d10751
008 180919b ||||| |||| 00| 0 eng d
020 _a978-1-138-93156-5
082 _22018
_aDC 808.51
_bG578
100 _aGoldstein, Jerald
_931327
245 _aPublic speaking :
_ba meta-communicative approach /
_cJerald Goldstein
260 _aNew York :
_bRoutledge,
_c©2018.
300 _axxx, 458 pages :
_billustrations ;
_c25 cm.
500 _aIncludes apppendix and index.
650 _aPublic speaking
_931328
365 _b7,418.00
_cPhp.
942 _2ddc
_cDC